Firemné poradenstvo - nadštandardná starostlivosť o bankových klientov
Charakteristické znaky firemného poradenstva poskytovaného bankami. Profesijné a osobnostné predpoklady firemného poradcu. Akvizícia - základ práce firemného poradcu. Orientácia poradcu pri výbere klienta. Príčiny možných problémov v poskytovaní firemného poradenstva.
Na minha lista:
| Autor principal: | |
|---|---|
| Outros Autores: | |
| Formato: | Capítulo de Livro |
| Idioma: | eslovaco |
| Assuntos: | |
| Tags: |
Sem tags, seja o primeiro a adicionar uma tag!
|
MARC
| LEADER | 00000naa a2200000 4500 | ||
|---|---|---|---|
| 001 | r035357 | ||
| 005 | 20230824101226.7 | ||
| 041 | 0 | |a slo | |
| 044 | |a SK | ||
| 245 | 1 | 0 | |a Firemné poradenstvo - nadštandardná starostlivosť o bankových klientov |c Monika Ščevovichova, Ján Kšinský |
| 520 | |a Charakteristické znaky firemného poradenstva poskytovaného bankami. Profesijné a osobnostné predpoklady firemného poradcu. Akvizícia - základ práce firemného poradcu. Orientácia poradcu pri výbere klienta. Príčiny možných problémov v poskytovaní firemného poradenstva. | ||
| 610 | 2 | 0 | |a poradenstvo |
| 610 | 2 | 0 | |a služby poradenské |
| 610 | 2 | 0 | |a služby bankové |
| 610 | 2 | 0 | |a poradcovia |
| 610 | 2 | 0 | |a podnikanie |
| 610 | 2 | 0 | |a klienti |
| 610 | 2 | 0 | |a akvizícia |
| 610 | 2 | 0 | |a banky |
| 610 | 2 | 0 | |a Slovensko |
| 100 | 1 | |a Ščevovichova, Monika | |
| 700 | 1 | |a Kšinský, Ján | |